<?xml version="1.0" encoding="UTF-8"?><?xml-stylesheet type="text/xsl" href="static/style.xsl"?><OAI-PMH xmlns="http://www.openarchives.org/OAI/2.0/" xmlns:xsi="http://www.w3.org/2001/XMLSchema-instance" xsi:schemaLocation="http://www.openarchives.org/OAI/2.0/ http://www.openarchives.org/OAI/2.0/OAI-PMH.xsd"><responseDate>2026-06-04T07:55:59Z</responseDate><request verb="GetRecord" identifier="oai:riuma.uma.es:10630/28032" metadataPrefix="marc">https://riuma.uma.es/rest/oai/request</request><GetRecord><record><header><identifier>oai:riuma.uma.es:10630/28032</identifier><datestamp>2026-02-03T10:58:06Z</datestamp><setSpec>com_10630_2254</setSpec><setSpec>col_10630_37953</setSpec></header><metadata><record xmlns="http://www.loc.gov/MARC21/slim" xmlns:dcterms="http://purl.org/dc/terms/" xmlns:doc="http://www.lyncode.com/xoai" xmlns:xsi="http://www.w3.org/2001/XMLSchema-instance" xsi:schemaLocation="http://www.loc.gov/MARC21/slim http://www.loc.gov/standards/marcxml/schema/MARC21slim.xsd">
   <leader>00925njm 22002777a 4500</leader>
   <datafield ind2=" " ind1=" " tag="042">
      <subfield code="a">dc</subfield>
   </datafield>
   <datafield ind2=" " ind1=" " tag="720">
      <subfield code="a">Martín-Guerrero, Teresa María</subfield>
      <subfield code="e">author</subfield>
   </datafield>
   <datafield ind2=" " ind1=" " tag="720">
      <subfield code="a">Santarelli, Alberto</subfield>
      <subfield code="e">author</subfield>
   </datafield>
   <datafield ind2=" " ind1=" " tag="720">
      <subfield code="a">Gibiino, Gian Piero</subfield>
      <subfield code="e">author</subfield>
   </datafield>
   <datafield ind2=" " ind1=" " tag="720">
      <subfield code="a">Traverso, Pier Andrea</subfield>
      <subfield code="e">author</subfield>
   </datafield>
   <datafield ind2=" " ind1=" " tag="720">
      <subfield code="a">Camacho-Peñalosa, Carlos</subfield>
      <subfield code="e">author</subfield>
   </datafield>
   <datafield ind2=" " ind1=" " tag="720">
      <subfield code="a">Filicori, Fabio</subfield>
      <subfield code="e">author</subfield>
   </datafield>
   <datafield ind2=" " ind1=" " tag="260">
      <subfield code="c">2020-03-27</subfield>
   </datafield>
   <datafield ind2=" " ind1=" " tag="520">
      <subfield code="a">A new method is proposed for the accurate experimental characterization and fully automated extraction of compact nonlinear models for Field-Effect Transistors (FETs). The approach, which leads to a charge-conservative description, is based on a single large-signal measurement under a two-tone sinusoidal wave excitation. A suitable choice of tone frequencies, amplitudes, and bias allows to adequately characterize the transistor over the whole safe operating region. The voltage controlled nonlinear functions describing the two-port FET model can be computed over an arbitrarily dense voltage domain by solving an &#xd;
 overdetermined system of linear equations. These equations are expressed in terms of a new Nonlinear Function Sampling operator based on a bi-periodic Fourier series description of the acquired frequency spectra. The experimental validation is carried out on a 0.25-μm Gallium Nitride (GaN) on Silicon Carbide (SiC) High-Electron Mobility Transistor (HEMT) under continuous-wave (CW) and two-tone excitation (intermodulation distortion test).</subfield>
   </datafield>
   <datafield ind1="8" ind2=" " tag="024">
      <subfield code="a">T. M. Martín-Guerrero, A. Santarelli, G. P. Gibiino, P. A. Traverso, C. Camacho-Peñalosa and F. Filicori, "Automatic Extraction of Measurement-Based Large-Signal FET Models by Nonlinear Function Sampling," in IEEE Transactions on Microwave Theory and Techniques, vol. 68, no. 5, pp. 1627-1636, May 2020, doi: 10.1109/TMTT.2020.2968886.</subfield>
   </datafield>
   <datafield ind1="8" ind2=" " tag="024">
      <subfield code="a">https://hdl.handle.net/10630/28032</subfield>
   </datafield>
   <datafield ind1="8" ind2=" " tag="024">
      <subfield code="a">10.1109/TMTT.2020.2968886</subfield>
   </datafield>
   <datafield tag="653" ind2=" " ind1=" ">
      <subfield code="a">Transistores de efecto de campo</subfield>
   </datafield>
   <datafield tag="653" ind2=" " ind1=" ">
      <subfield code="a">Semiconductores</subfield>
   </datafield>
   <datafield ind2="0" ind1="0" tag="245">
      <subfield code="a">Automatic Extraction of Measurement-Based Large-Signal FET Models  by Nonlinear Function Sampling.</subfield>
   </datafield>
</record>
</metadata></record></GetRecord></OAI-PMH>